[Event "Bucaramanga Santander"]
[Site "Bucaramanga"]
[Date "2012.01.22"]
[Round "8"]
[White "Estevez Ramirez, Gloria Marcela"]
[Black "Suarez Pinto, Sergio Rafael"]
[Result "0-1"]
[WhiteElo "1520"]
[BlackElo "1740"]
[PlyCount "80"]
[EventDate "2012.01.18"]
[EventType "tourn"]
[EventRounds "9"]
[EventCountry "COL"]
[SourceTitle "EXT 2013"]
[Source "ChessBase"]
[SourceDate "2012.11.22"]
[SourceVersion "1"]
[SourceVersionDate "2012.11.22"]
[SourceQuality "1"]

1. e4 e5 2. Nf3 Nc6 3. Bb5 a6 4. Ba4 Nf6 5. 0-0 Be7 6. Re1 b5 7. Bb3 d6 8. h3 0-0 9. c3 Na5 10. Bc2 c5 11. d3 Re8 12. Nbd2 Bf8 13. Nf1 g6 14. Ng3 Bg7 15. d4 Qc7 16. Be3 Bd7 17. Qd2 Rac8 18. b4 cxb4 19. Rac1 bxc3 20. Qe2 Nc4 21. Bb3 b4 22. dxe5 dxe5 23. Bg5 Bb5 24. Red1 Qa5 25. a4 Bxa4 26. Bxa4 Qxa4 27. Rd3 h6 28. Kf1 hxg5 29. Nxg5 Qb5 30. Qf3 Nb2 31. Ke2 Rcd8 32. Rcd1 Nxd1 33. Kxd1 Rxd3+ 34. Ke2 Rxf3+ 35. Kxf3 Rd8 36. Nf1 Qxf1 37. Kg3 Nh5+ 38. Kg4 Qxg2+ 39. Kh4 Qxf2+ 40. Kg4 Qg3# 0-1